000 00758cam a22002411 4500
001 l 53000179
003 DLC
005 20260227111543.0
008 871211s1953 dcua f000 0 eng
010 _al 53000179
035 _a(OCoLC)17222865
040 _aDLC
_cAU
_dOCoLC
_dDLC
042 _apremarc
050 0 0 _aHD8051
_b.A62 no. 1140
082 _a338.528*
100 1 _aBedell, Mary S.
245 1 4 _aThe consumer price index;
_ba layman's guide.
260 _aWashington,
_bU.S. Govt. Print. Off.
_c[1953]
300 _av, 34 p.
_billus.
_c20 cm.
410 1 0 _aUnited States.
_bBureau of Labor Statistics.
_tBulletin ;
_vno. 1140
504 _aBibliography: p. 34.
610 1 0 _aUnited States.
_bBureau of Labor Statistics.
_tConsumer price index.
999 _c36822
_d36822